Die technik des Violinspiels
Uloženo v:
| Hlavní autor: | |
|---|---|
| Médium: | Hudebnina Kniha |
| Jazyk: | němčina francouzština |
| Vydáno: |
Mainz
B. Schott's Söhne
1911
|
| Edice: | Edition Schott, 5072c
|
| Témata: | |
| Tagy: |
Přidat tag
Žádné tagy, Buďte první, kdo vytvoří štítek k tomuto záznamu!
|
MARC
| LEADER | 00000ncm a2200000 a 4500 | ||
|---|---|---|---|
| 001 | UCN7131 | ||
| 003 | CL-VaPUC | ||
| 005 | 20250228122902.0 | ||
| 008 | 011012e19110000GW |||||||||||||||||ger|d | ||
| 999 | |c 297640 |d 297638 | ||
| 040 | |c Pontificia Universidad Católica de Valparaíso | ||
| 041 | 0 | 7 | |a ger |2 CL-VaPUC |
| 041 | 0 | 7 | |a fre |2 CL-VaPUC |
| 082 | 0 | 4 | |a Vn787.2193 MEE 1911 |2 21 |
| 100 | |a Meerts, Lambert-Joseph |e autor |9 463060 | ||
| 245 | 1 | 4 | |a Die technik des Violinspiels |
| 246 | 1 | 3 | |a Le mécanisme du violon |
| 260 | |a Mainz |b B. Schott's Söhne |c 1911 | ||
| 300 | |a v | ||
| 490 | 0 | |a Edition Schott, 5072c | |
| 500 | |a v.3: 10 etüden mit begleitung einer 2 violine | ||
| 500 | |a 10 etudes avec acomp. d'un second violon | ||
| 583 | |a last modification |c 20011012 00:00:00 |k Rodrigo Vera | ||
| 650 | 0 | |a Violín |x Estudio e instrucción |9 462623 | |
| 650 | 0 | |a Violín |x Interpretación |9 462625 | |
| 650 | 0 | |a Violín |x Técnicas de ejecución |9 462624 | |
| 650 | 0 | |a Violín |x Estudio y ejercicios |9 462626 | |
| 942 | |c BK |2 ddc | ||
| 945 | |d 20011012 00:00:00 |a lriquelm | ||
| 952 | |0 0 |1 0 |2 ddc |4 0 |6 VN_787_219300000000000_MEE_1911 |7 0 |8 F |9 352555 |a BIBEDU |b BIBEDU |d 2019-11-21 |h v.3 |i 1171755 |o Vn787.2193 MEE 1911 |p 1171755 |r 2023-11-22 |w 2019-11-21 |y PA |k MUS | ||